[Event "BEL-ch op"]
[Site "Niel"]
[Date "2017.07.08"]
[Round "8"]
[White "De Geest, Jan"]
[Black "Van Bunderen, Gert"]
[Result "0-1"]
[WhiteElo "1696"]
[BlackElo "1876"]
[PlyCount "72"]
[EventDate "2017.07.01"]
[EventType "swiss"]
[EventRounds "9"]
[EventCountry "BEL"]
[SourceTitle "EXT 2018"]
[Source "ChessBase"]
[SourceDate "2017.10.13"]
[SourceVersion "1"]
[SourceVersionDate "2017.10.13"]
[SourceQuality "1"]

1. e4 c6 2. d4 d5 3. exd5 cxd5 4. Bd3 Nc6 5. c3 Qc7 6. Ne2 e6 7. Bf4 Bd6 8. Bxd6 Qxd6 9. Nd2 Nf6 10. h3 0-0 11. Qc2 Bd7 12. g4 e5 13. g5 e4 14. gxf6 exd3 15. Qxd3 Qxf6 16. 0-0-0 Rfe8 17. Ng3 Qxf2 18. Rdf1 Qe3 19. Qxe3 Rxe3 20. Nf3 g6 21. h4 Bg4 22. Ng5 Rxg3 23. Nxf7 Bf3 24. Rh2 Kxf7 25. Rhf2 Ne7 26. Rxf3+ Rxf3 27. Rxf3+ Nf5 28. h5 Re8 29. Kc2 Kf6 30. hxg6 hxg6 31. Rh3 Re7 32. Rh8 g5 33. Rd8 g4 34. Kd2 g3 35. Rf8+ Kg5 36. Rg8+ Kf4 0-1

[Event "Maastricht Limburg op-C 8th"]
[Site "Maastricht"]
[Date "2014.06.07"]
[Round "2"]
[White "Allaart, Jesse"]
[Black "De Geest, Jan"]
[Result "0-1"]
[WhiteElo "1101"]
[BlackElo "1661"]
[PlyCount "54"]
[EventDate "2014.06.06"]
[EventType "swiss"]
[EventRounds "7"]
[EventCountry "NED"]
[SourceTitle "EXT 2015"]
[Source "ChessBase"]
[SourceDate "2014.11.20"]
[SourceVersion "1"]
[SourceVersionDate "2014.11.20"]
[SourceQuality "1"]

1. e4 e5 2. Nf3 Nc6 3. d4 exd4 4. Bc4 Nf6 5. e5 d5 6. Bb5 Ne4 7. Nxd4 Bd7 8. Bxc6 bxc6 9. 0-0 Bc5 10. Be3 Bb6 11. f3 Ng5 12. f4 Ne4 13. Kh1 0-0 14. f5 c5 15. Nb3 d4 16. Bc1 Bc6 17. f6 Qd5 18. Qg4 g6 19. Qh3 Qxe5 20. Bh6 Rfe8 21. Bg7 Re6 22. N1d2 Nxf6 23. Bxf6 Rxf6 24. Rxf6 Qxf6 25. Rf1 Qe6 26. Qd3 Re8 27. Nf3 c4 0-1

[Event "Maastricht Limburg op-C 8th"]
[Site "Maastricht"]
[Date "2014.06.07"]
[Round "3"]
[White "De Coninck, Erik"]
[Black "De Geest, Jan"]
[Result "0-1"]
[WhiteElo "1628"]
[BlackElo "1661"]
[PlyCount "106"]
[EventDate "2014.06.06"]
[EventType "swiss"]
[EventRounds "7"]
[EventCountry "NED"]
[SourceTitle "EXT 2015"]
[Source "ChessBase"]
[SourceDate "2014.11.20"]
[SourceVersion "1"]
[SourceVersionDate "2014.11.20"]
[SourceQuality "1"]

1. Nf3 Nf6 2. d4 e6 3. Bf4 d5 4. e3 c5 5. c3 Be7 6. Nbd2 Nc6 7. Bd3 Bd7 8. a3 Rc8 9. 0-0 h6 10. Rc1 c4 11. Be2 0-0 12. Qc2 b5 13. e4 Ne8 14. Ne5 Nxe5 15. Bxe5 Bd6 16. f4 Bc6 17. exd5 Bxd5 18. Ne4 f6 19. Nxd6 Nxd6 20. Bxd6 Qxd6 21. Rce1 f5 22. Bf3 g6 23. Qe2 Rce8 24. Qe5 Qc6 25. Re3 Kf7 26. Rfe1 a6 27. Kf2 Bxf3 28. Rxf3 Re7 29. Rh3 h5 30. Rhe3 Rfe8 31. R3e2 Qd5 32. Qxd5 exd5 33. Rxe7+ Rxe7 34. Rxe7+ Kxe7 35. Kg3 Kf6 36. Kh4 Kg7 37. Kg5 Kf7 38. h3 Kg7 39. g3 Kf7 40. g4 hxg4 41. hxg4 fxg4 42. Kxg4 Kf6 43. Kg3 Kf5 44. Kf3 g5 45. fxg5 Kxg5 46. Kg3 Kf5 47. Kf3 a5 48. Ke3 Kg4 49. Kd2 Kf3 50. Kc2 Ke3 51. b3 cxb3+ 52. Kxb3 Kd3 53. Kb2 a4 0-1

[Event "Brasschaat op 13th"]
[Site "Brasschaat"]
[Date "2013.08.17"]
[Round "1"]
[White "Leenaerts, Robin"]
[Black "De Geest, Jan"]
[Result "1-0"]
[WhiteElo "2265"]
[BlackElo "1669"]
[PlyCount "63"]
[EventDate "2013.08.17"]
[EventType "swiss"]
[EventRounds "9"]
[EventCountry "BEL"]
[SourceTitle "CBM 156 Extra"]
[Source "ChessBase"]
[SourceDate "2013.10.22"]
[SourceVersion "1"]
[SourceVersionDate "2013.10.22"]
[SourceQuality "1"]

1. e4 e5 2. Nf3 Nc6 3. Bb5 a6 4. Ba4 Nf6 5. 0-0 Be7 6. Re1 b5 7. Bb3 0-0 8. h3 d6 9. c3 Na5 10. Bc2 c5 11. d4 Nc6 12. Be3 exd4 13. cxd4 Nb4 14. Bb3 Bb7 15. a3 Nc6 16. Nc3 Rc8 17. Qe2 Na5 18. Bc2 Nd7 19. Nd5 Bxd5 20. exd5 Bf6 21. a4 Nc4 22. Qd3 g6 23. Bh6 Nxb2 24. Qb3 cxd4 25. Bxf8 Kxf8 26. Qxb2 d3 27. Qa3 Bxa1 28. Qxa1 Kg8 29. Bxd3 Nc5 30. Bc2 b4 31. Nd4 Qg5 32. Nc6 1-0

[Event "Brasschaat op 08th"]
[Site "Brasschaat"]
[Date "2008.08.17"]
[Round "2"]
[White "De Geest, Jan"]
[Black "Vancleef, Arne"]
[Result "1-0"]
[WhiteElo "1281"]
[BlackElo "1648"]
[PlyCount "38"]
[EventDate "2008.08.16"]
[EventType "swiss"]
[EventRounds "9"]
[EventCountry "BEL"]
[SourceTitle "EXT 2017"]
[Source "ChessBase"]
[SourceDate "2016.10.25"]
[SourceVersion "1"]
[SourceVersionDate "2016.10.25"]
[SourceQuality "1"]

1. e4 d5 2. exd5 Nf6 3. d4 Nxd5 4. Nf3 Bf5 5. c4 Nb4 6. Qa4+ N8c6 7. d5 b5 8. cxb5 Nc2+ 9. Kd1 Qxd5+ 10. Nbd2 Nxa1 11. Bc4 Qc5 12. Ne1 Ne5 13. b4 Qd4 14. b6+ Bd7 15. b5 cxb6 16. Bxf7+ Nxf7 17. Qxd4 Nb3 18. axb3 Bxb5 19. Qd5 Nd6 1-0

[Event "BEL-ch opB"]
[Site "Westerlo"]
[Date "2004.07.??"]
[Round "1"]
[White "Hajenius, Willem"]
[Black "De Geest, Jan"]
[Result "1-0"]
[WhiteElo "2023"]
[BlackElo "1613"]
[PlyCount "45"]
[EventDate "2004.07.??"]
[EventType "swiss"]
[EventRounds "9"]
[EventCountry "BEL"]
[SourceTitle "EXT 2005"]
[Source "ChessBase"]
[SourceDate "2004.11.15"]
[SourceVersion "1"]
[SourceVersionDate "2004.11.15"]
[SourceQuality "1"]

1. d4 Nf6 2. c4 e5 3. dxe5 Ng4 4. e3 Nxe5 5. Nh3 Bb4+ 6. Bd2 Bxd2+ 7. Qxd2 d6 8. Nf4 c6 9. Nc3 Bf5 10. Be2 Qe7 11. Rd1 Na6 12. 0-0 Rd8 13. Qd4 b6 14. Nh5 0-0 15. f4 c5 16. Nd5 Qe6 17. Qc3 Be4 18. fxe5 dxe5 19. Nhf6+ gxf6 20. Nxf6+ Kh8 21. Rxd8 Rxd8 22. Nxe4 f5 23. Ng5 1-0

[Event "Vlaams-ch"]
[Site "Bilzen"]
[Date "2004.05.31"]
[Round "7"]
[White "Van Camp, Albert"]
[Black "De Geest, Jan"]
[Result "1-0"]
[WhiteElo "1593"]
[BlackElo "1613"]
[PlyCount "107"]
[EventDate "2004.05.20"]
[EventType "swiss"]
[EventRounds "7"]
[EventCountry "BEL"]
[SourceTitle "EXT 2006"]
[Source "ChessBase"]
[SourceDate "2005.11.24"]
[SourceVersion "1"]
[SourceVersionDate "2005.11.24"]
[SourceQuality "1"]

1. d4 Nf6 2. Bf4 d6 3. e3 g6 4. Nf3 Bg7 5. Bd3 0-0 6. e4 c5 7. c3 Qb6 8. Bc1 Nc6 9. dxc5 dxc5 10. Nbd2 Bg4 11. h3 Bxf3 12. Nxf3 Rad8 13. Qe2 Rd7 14. 0-0 a6 15. e5 Ne8 16. e6 Rd6 17. exf7+ Rxf7 18. Ng5 Ne5 19. Nxf7 Kxf7 20. Bf4 Re6 21. Bxe5 Rxe5 22. Qf3+ Nf6 23. Bc4+ Kf8 24. Qf4 Re4 25. Qb8+ Ne8 26. Bd5 Re2 27. Qf4+ Bf6 28. b3 Kg7 29. Rae1 Rxe1 30. Rxe1 Qd8 31. c4 Nd6 32. Re6 b5 33. g4 g5 34. Qc1 Qf8 35. Qc2 h6 36. cxb5 Nxb5 37. Qxc5 Nd4 38. Re4 Nf3+ 39. Kh1 Be5 40. Qe3 Qf6 41. Rc4 Nd4 42. f3 Nb5 43. Rc6 Nd6 44. Rxa6 Bf4 45. Qe2 Be5 46. Ra8 Qf4 47. Rg8+ Kh7 48. Qc2+ Ne4 49. Qxe4+ Qxe4 50. fxe4 Bd6 51. a4 Bb4 52. Rb8 Bd6 53. Rb7 Kg7 54. a5 1-0

[Event "Vlaams-ch"]
[Site "Bilzen"]
[Date "2004.05.30"]
[Round "6"]
[White "De Geest, Jan"]
[Black "Lehaen, Frank"]
[Result "0-1"]
[WhiteElo "1613"]
[BlackElo "2038"]
[PlyCount "68"]
[EventDate "2004.05.20"]
[EventType "swiss"]
[EventRounds "7"]
[EventCountry "BEL"]
[SourceTitle "EXT 2006"]
[Source "ChessBase"]
[SourceDate "2005.11.24"]
[SourceVersion "1"]
[SourceVersionDate "2005.11.24"]
[SourceQuality "1"]

1. e4 c5 2. Nf3 e6 3. c4 d6 4. Nc3 Nf6 5. d3 Nc6 6. Be3 Be7 7. Be2 0-0 8. 0-0 a6 9. a4 Qc7 10. Ne1 Nd4 11. f4 Nxe2+ 12. Nxe2 d5 13. e5 Ng4 14. Bd2 dxc4 15. dxc4 Rd8 16. Qc2 b6 17. Ra3 Bb7 18. Rg3 h5 19. Nf3 Rd7 20. Bc3 Ne3 21. Qb1 Nxf1 22. Qxf1 Rad8 23. Rh3 Rd1 24. Ne1 h4 25. Re3 Qc6 26. Qf3 Qd7 27. Qg4 Qxa4 28. Kf2 Qxc4 29. Nf3 Qa4 30. Ng5 Bxg5 31. Qxg5 Qc6 32. Rh3 Qe4 33. Rxh4 R8d3 34. Rg4 Qe3# 0-1

[Event "Vlaams-ch"]
[Site "Bilzen"]
[Date "2004.05.23"]
[Round "4"]
[White "De Vet, Sylvin"]
[Black "De Geest, Jan"]
[Result "1/2-1/2"]
[WhiteElo "1676"]
[BlackElo "1613"]
[PlyCount "115"]
[EventDate "2004.05.20"]
[EventType "swiss"]
[EventRounds "7"]
[EventCountry "BEL"]
[SourceTitle "EXT 2006"]
[Source "ChessBase"]
[SourceDate "2005.11.24"]
[SourceVersion "1"]
[SourceVersionDate "2005.11.24"]
[SourceQuality "1"]

1. e4 e5 2. Nf3 Nc6 3. Bc4 Nf6 4. d3 Bc5 5. 0-0 d6 6. h3 h6 7. c3 a6 8. a4 Ba7 9. Be3 Be6 10. Bxe6 fxe6 11. Bxa7 Nxa7 12. Nbd2 0-0 13. Qb3 Qd7 14. d4 exd4 15. cxd4 Kh8 16. Rac1 c6 17. Nh4 Qf7 18. Qg3 g5 19. Nhf3 Rg8 20. Nh2 Raf8 21. Qxd6 Nc8 22. Qe5 Ne7 23. Ng4 Ng6 24. Qxf6+ Qxf6 25. Nxf6 Rxf6 26. Nc4 Nf4 27. Rc2 Rf7 28. Ne5 Rfg7 29. Kh2 h5 30. g3 Ng6 31. Nxg6+ Rxg6 32. Rc5 Rf6 33. f4 h4 34. gxh4 gxf4 35. Rh5+ Kg7 36. Rg1+ Kf8 37. Rxg8+ Kxg8 38. Kg2 Kg7 39. Kf3 Kg6 40. Rg5+ Kh6 41. Rg4 Kh5 42. Rxf4 Rg6 43. Rf7 Kxh4 44. Rxb7 Rg3+ 45. Kf2 Rd3 46. Rb4 Kxh3 47. Ke2 Rg3 48. Rb6 Kg4 49. Rxc6 Rg2+ 50. Kd3 Rxb2 51. Rxe6 a5 52. Rc6 Rb3+ 53. Rc3 Rb1 54. d5 Kf4 55. Rc4 Ke5 56. Kc3 Ra1 57. Kb3 Re1 58. Kc3 1/2-1/2

[Event "Vlaams-ch"]
[Site "Bilzen"]
[Date "2004.05.22"]
[Round "3"]
[White "Daglinckx, Hugo"]
[Black "De Geest, Jan"]
[Result "0-1"]
[WhiteElo "1427"]
[BlackElo "1613"]
[PlyCount "98"]
[EventDate "2004.05.20"]
[EventType "swiss"]
[EventRounds "7"]
[EventCountry "BEL"]
[SourceTitle "EXT 2006"]
[Source "ChessBase"]
[SourceDate "2005.11.24"]
[SourceVersion "1"]
[SourceVersionDate "2005.11.24"]
[SourceQuality "1"]

1. e4 e5 2. d4 exd4 3. Qxd4 Nc6 4. Qd1 Nf6 5. Bg5 Be7 6. Bd3 Nxe4 7. Bxe4 Bxg5 8. Bxc6 bxc6 9. Qe2+ Qe7 10. Qxe7+ Bxe7 11. Nf3 Rb8 12. b3 Bf6 13. c3 Ba6 14. Kd2 0-0 15. Na3 Rfe8 16. Rhe1 Re6 17. Rxe6 dxe6 18. Kc2 c5 19. Re1 Rd8 20. Nc4 h6 21. g3 Rd5 22. Nfe5 Bb7 23. f4 g5 24. Ng4 Bg7 25. Nce3 Rd8 26. Nc4 f5 27. Nf2 Re8 28. Ne5 Rd8 29. c4 gxf4 30. gxf4 Rd4 31. Ned3 Bf8 32. Rxe6 Kf7 33. Re2 Bd6 34. Ne5+ Kg7 35. Nfd3 Be4 36. Rd2 Bxe5 37. fxe5 Bxd3+ 38. Rxd3 Rxd3 39. Kxd3 Kg6 40. h4 Kf7 41. Ke3 Ke6 42. Kf4 a5 43. a3 h5 44. Kg5 Kxe5 45. Kxh5 Kf6 46. a4 c6 47. Kh6 f4 48. h5 f3 49. Kh7 Kf7 0-1